000 01164cam a2200337 a 4500
001 15885419
003 OSt
005 20260619094815.0
008 090828s2010 ilu bf 001 0 eng
010 _a 2009035747
020 _a9780830825769
_qpbk. : alk. paper
035 _a15885419
040 _aDLC
_cDLC
_dDLC
050 0 0 _aBT75.3
_b.M56 2010
082 0 0 _a230
_222
100 1 _aMilne, Bruce.
245 1 0 _aKnow the truth :
_ba handbook of Christian belief /
_cBruce Milne.
250 _a3rd ed.
260 _aDowners Grove, Ill. :
_bIVP Academic,
_c2010.
300 _a384 p. ;
_c23 cm.
336 _atext
_btxt
_2rdacontent
337 _aunmediated
_bn
_2rdamedia
338 _avolume
_bnc
_2rdacarrier
504 _aIncludes bibliographical references (p. 16-17) and index.
583 _aCataloguing:
_c20260619
_kgtanuigtanui
650 0 _aTheology, Doctrinal.
906 _a7
_bcbc
_corignew
_d1
_eecip
_f20
_gy-gencatlg
942 _2lcc
_cBK
999 _c21716
_d21715